[Event "BCF-chT4S 1819 (4NCL)"]
[Site "England"]
[Date "2019.04.13"]
[Round "7.92"]
[White "Truman, Richard G"]
[Black "King, Simon E"]
[Result "1-0"]
[WhiteElo "1945"]
[BlackElo "1735"]
[PlyCount "69"]
[EventDate "2018.11.17"]
[EventType "team-swiss"]
[EventRounds "11"]
[EventCountry "ENG"]
[SourceTitle "EXT 2021"]
[Source "ChessBase"]
[SourceDate "2020.10.23"]
[SourceVersion "1"]
[SourceVersionDate "2020.10.23"]
[SourceQuality "1"]
[WhiteTeam "Ashfield II"]
[BlackTeam "Oxford IV"]
[WhiteTeamCountry "ENG"]
[BlackTeamCountry "ENG"]

1. d4 Nf6 2. c4 g6 3. Nc3 Bg7 4. e4 d6 5. f3 0-0 6. Be3 c6 7. Qd2 e5 8. d5 c5 9. Bd3 Na6 10. Nge2 Bd7 11. g4 Nc7 12. Ng3 a6 13. h4 h5 14. gxh5 Nxh5 15. Nxh5 gxh5 16. Bg5 f6 17. Bh6 Rf7 18. 0-0-0 Kh7 19. Be3 Qe7 20. f4 Rg8 21. Be2 Bg4 22. Bxg4 hxg4 23. fxe5 fxe5 24. Bg5 Bf6 25. Qg2 Rg6 26. Qxg4 Kg7 27. Rhg1 Bxg5+ 28. hxg5 Rf4 29. Qh5 b5 30. Rde1 Qf8 31. Rh1 Qg8 32. Ref1 b4 33. Rxf4 exf4 34. Ne2 Kf7 35. Nxf4 1-0